Prechod cez sklo

Bibliographic Details
Main Author: Márton, László (Author)
Other Authors: Styková, Eva (Translator)
Format: Article
Language:Slovak
Subjects:

MARC

LEADER 00000nab a2200000 a 4500
001 vtls000530891
003 SK-MaSNL
005 20260304094836.0
008 250425c1994 xo 0 slo
015 |a SNBRB19rr/mm-uuuuu 
035 |a CL0531029 
035 |a urn:nbn:sk:snk-abboq6 
035 |a (urnnbn)urn:nbn:sk:snk:ar-002m7l 
035 |a (uuid)a7bd7ca4-41b7-499a-b760-8af4c83dfd3d 
040 |a SNKBUCL  |b slo  |c SNKBUCL  |e AACR2 
041 0 |a slo 
044 |a xo  |c SK 
080 |a 894.511-3  |2 1981 
100 1 |a Márton, László  |4 aut  |9 541430 
245 1 0 |a Prechod cez sklo  |c László Márton ; Prekl. Eva Styková 
500 |a Inform. o aut. na s. 12 
650 0 7 |a poviedky psychologické  |2 snkbucl  |9 893883 
655 7 |a články z novín a časopisov  |2 snkbucl  |9 267496 
700 1 |a Styková, Eva  |4 trl  |9 297219 
773 0 |t Dotyky  |g Roč. 6, č. 8-9 (1994), s. 13 
850 |a Slovenská národná knižnica 
852 |a Slovenská národná knižnica 
958 |a article15 
958 |a OND 
958 |a RK 
958 |a HU 
958 |a LX 
958 |a EUIPO 
992 |a RBX 
999 |c 2829248  |d 2831178